01681nam a2200277Ia 4500952011600000952012000116952011900236999001700355008004100372020001500413050002500428100003300453240011300486245015800599250001900757260004700776300005100823500012000874504003200994505015001026519009101176650003201267700004401299700005301343942000701396 00102lcc4070a04b04d2011-04-07l6oHD38.5 B3518 2004p04 003218r2019-12-03s2019-12-03t1w2012-06-24yLB 00102lcc4070a07b07d2012-11-07l5m1oHD38.5 B3518 2004 p07 003472r2018-11-09s2018-11-05t1w2012-11-07yLB 00102lcc4070a07b07d2013-09-19l6m1oHD38.5 B3518 2004p07 004216r2016-08-19s2016-08-15t2w2013-09-19yLB c62730d62730120625s2004 mx 001 0 spa d a9702605407 4aHD38.5 bB3518 20041 aBallou, Ronald H.e , autor 10aBusiness logistics / supply management: planning, organiziting and controlling the supply chain lEspañol 10aLogística b : administración de la cadena de suministro c / Ronald H. Ballou ; traducción Carlos Mendoza Barraza, María Jesús Herrero Díaz  a5a. edición  aMéxicob : Pearson Educación c , 2004 axxii, 789 páginas c ; 24 cm. e + 1 Cd-Rom  aTítulo original: Business logistics / supply management: planning, organiziting and controlling the supply chain  aBibliografía: pp. 766-7700 aIntroducción y planeación Objetivos del servicio al cliente Estrategia del transporte Estrategia de inventario Estrategia de ubicación  aPlan Flexible / bMercadotecnia / cLogística y Distribución (P22) / d(04 003218) 4aLOGÍSTICA EN LOS NEGOCIOS1 aMendoza Barraza, Carlos e , traductor 1 aHerrero Díaz, María de Jesúse , traductor cLB